000
00452nam a2200133Ia 4500
008
100328s9999 xx 000 0 und d
082
_b
57199
100
_a
खरे नंदा
245
_a
जीवोत्वत्ती आणि नंतर
260
_b
ग्रंथाली
630
_a
जीवोत्वत्ती आणि नंतर
730
_a
जीवोत्वत्ती आणि नंतर
942
_c
BOOK
999
_c
543670
_d
543667